000 00485nam a2200181Ia 4500
003 GCL
008 140319s9999 xx 000 0 eng d
040 _aGCL /
_cGCL
082 0 4 _aCH
_b821.31242
_bA K
100 1 _aAMERY, HEATHER
245 1 0 _aTHE KNOW HOW BOOK OF BATTERIES AND MAGNETS /
_cAMERY, HEATHER
700 1 _aLITTEL, ANGELA
260 _a[S.N] :
_bUSBORNE LANGUAGE BOOKS ،
_c1992
650 0 4 _aCHILDREN
650 0 4 _aBATTERIES
650 0 4 _aMAGNETS
942 _2ddc
_cBK
999 _c15160
_d15160